00513nam a2200181 a 450000100060000000300090000600800410001502000170005604000280007308200200010110000260012124500400014726000420018730000110022949000470024065000230028765000210031019237CO-ViMGA141112s2004 ck r 000 u spa d a84847672795X aCO-ViMGAbspacCO-ViMGA04a398.20950 C173m1 aCardona, Francesc Ll.10aMitologías y leyendas Asiáticas aBarcelona : bEdicomunicación; 1998 a253 p. aColección Olimpo; mitología e historia14aLEYENDAS ASIATICAS14aMITOLOGIA - ASIA